000 00733nam a2200229 i 4500
003 DO-SdBNP
005 20240517134219.0
006 a||||gr|||| 00| 0
007 ta
008 240517e1946 dr ||||| l||| 00| 0 spa d
040 _aDO-SdBNP
_bspa
_cBNPHU
_erda
082 4 _222
_bR426u
110 1 _aRepública Dominicana.
_bCongreso Nacional
_916501
245 1 3 _aUn proyecto de Ley trascedental y su mensaje - exposición de motivos.
264 _aCiudad Trujillo, República Dominicana :
_bCongreso Nacional,
_c1946
300 _a58 páginas ;
_c22 cm.
336 _2rdacontent
_atexto
_btxt
337 _2rdamedia
_asin mediación
_bn
338 _2rdacarrier
_avolumen
_bnc
590 _aInventariado 2024 / MF
942 _2ddc
_cLBS1
999 _c56690
_d56690